000 00664nam a2200193 a 4500
001 000040463
005 20201002034139.0
008 130826s2004 mx 000 0 spa d
020 _a9703204791
040 _aDO-SdBNP
_bspa
_cBNPHU
100 1 _aMéndez Plancarte, Gabriel
_966761
245 1 0 _aHidalgo reformador intelectual /
_cGabriel Méndez Plancarte.
250 _a2a. ed.
260 _aMéxico :
_bUniversidad Nacional Autónoma de México
_bLetras de México,
_c2004.
300 _a55 p. ;
_c18 cm.
490 1 _aPequeños Grandes Ensayos
_v2
710 2 _aUniversidad Nacional Autónoma de México
_942447
830 0 _aPequeños Grandes Ensayos
_v2
_966762
999 _c39953
_d39953